| 000 | 04282cam a22003973a 4500 | ||
|---|---|---|---|
| 001 | 6211 | ||
| 003 | FISKH | ||
| 005 | 20250328143908.0 | ||
| 008 | 960904s1946 xx 000 0deng | ||
| 010 | _a 2009658047 | ||
| 020 | _a9780141339146 | ||
| 035 | _acoe96001556 | ||
| 040 |
_aDLC _cDLC _beng |
||
| 050 | _aPZ7.C677475 A | ||
| 082 | _a823.92 | ||
| 100 | _aColfer, Eoin | ||
| 245 | 0 | 4 |
_aThe lost colony / _cEoin Colfer |
| 250 | _aThis edition published in 2011 | ||
| 260 |
_cNew York : _aPuffin Books, _b2006. |
||
| 300 |
_a376 pages : _c20 cm |
||
| 500 | _aRoanoke Island Waterside Theatre, Manteo, Roanoke Island, North Carolina, June 30-September 2, 1946. | ||
| 500 | _a"The Lost Colony souvenir program, sixth summer season, 359 anniversary celebration, 1946"--p. [1]. | ||
| 500 | _aTitle devised by Library staff. | ||
| 500 | _aCast: Iran Berlow, Roger Quinlan, James Geiger, Foster Fitz-Simons, John Westcott, Donald Mason, Helen Harrison, Florence Mitchell, Roy Grey Jr., James Warren, Robert Atkinson, Robert Schenkkan, Arthur Conescu, Donald Somers, Rogers Whitener, Jack White, Kai Jurgensen, Barbara Benedict, Allan Frank, Katherine Cale, Martin Kellogg, Patric Shannon, Bram Nossen, Robert Armstrong, Rex Coston, Robert Williams, Claude Rayborn, Iran Berlow, Jean Schenkkan, Katherine Pfohl, Jane McFagan, Lydia Dorsett, Caroline Chichester, Lola Morgan, Hettie Westcott, Ruth Evans, Marion Fitz-Simons, Stephen Basnight, Jerry Daniels, William Loftin, Carlton Albertson, Raikes Slinkard, L.P. Leggette, Joyce Heath, Doris Rogers, Dorothy Burrus, Mary Jo Cain, Helen Cohen, Elizabeth Stoney, Phyllis Sullivan, Sherry Levine, Peggy Jurgensen, Harry Coble, David Hooks, Jack Morgan, Larry Boyette, Dan Cannady, Fred Galton, Eugene Enlow, Richard Kiser, Charles Waldman, Julia Parker, Glenn Harden, Goldie Sawyer, Edith Hewitt, Doris Alford, Margaret Burns, Betty Henshaw, Natalie Etheridge, Priscilla Rathburn, Mildred Parker, Wilbur Austin, Carther Liverman, Edgar Midgett, Carlton Albertson, Edwin Alford, Ben Grey, Joe Parker, Sam Midgett Jr., Marjalen Midgett, Margaret Burns, Anna Christian Lowe, Marie Etheridge, Dorla Midgett, Hilda Austin, Estelle Jones, Helen Meekins, Estelle Tillett, Juanita Parker, Lewton Smith, Sebastian Sommer, Shelton Lewis, Peggy Jurgensen, Ann Midgett, Anne Osterhout, Norma O'Neill, Phyllis Sullivan, Miriam Ferebee, Roger Meekins, Raikes Slinkard, Billy Meekins, Dora Grey, Alice Kellogg, Mildred Roberts, Mary Evans, Hannah Brown, Bertha Hostvedt, Elizabeth Dough, Doris Walker, Janie Etheridge, Mary Basnight, Jacquelyn Vannote, Eloise Westcott, Francis Adams, Corinne Herron, Inger Lewis, Glenn Harden, Sherry Levine, Mary Jo Cain, Peggy Jurgensen, Helen Cohen, Elizabeth Stoney, Phyllis Sullivan, Anne Osterhout, Edgar Midgett, Jack Warden, Bob Owens, Evertt Liverman, Jimmy Williams, James Warren, Rex Coston, Patric Shannon, Nat Jones, Shelton Lewis, Sebastian Sommer, Arthur Conescu, Lewton Smith, Harry Coble, David Hooks, Charles Waldman, Richard Kiser, Fred Galton, Larry Boyette, Jack Morgan, Dan Cannady, Eugene Enlow. Musicians: Rex Coston, James Geiger. | ||
| 520 | _aThe Roanoke Island Historical Association, Inc. with cooperation of the state of North Carolina presents "The Lost Colony," a symphonic drama with music and dance by Paul Green, staged and directed by Samuel Selden, musical director Theos Cronk, choreography Foster Fitz-Simons, technical director Wilbur Dorsett, costumes Irene Smart, lighting W.T. Chichester, special music Lamar Stringfield and Adeline McCall, organist James Malcolm Hart, architect and builder of the theatre Albert Q. Bell, news director Woodrow Price, properties William Long and Walter Preston, Lost Colony Production, John A. Walker, general manager. | ||
| 580 | _aIn: Richard L. Coe Theater Programs Collection (Library of Congress). | ||
| 651 | 0 |
_aRoanoke Colony _vDrama. |
|
| 651 | 0 |
_aRoanoke Island (N.C.) _vDrama. |
|
| 655 | 7 |
_aSouvenir programs _zNorth Carolina _zManteo. _2rbgenr |
|
| 655 | 7 |
_aSouvenir programs _y1946. _2rbgenr |
|
| 655 | 7 |
_aTheater programs _zNorth Carolina _zManteo. _2rbgenr |
|
| 655 | 7 |
_aTheater programs _y1946. _2rbgenr |
|
| 906 |
_a7 _bcbc _corigres _d2 _encip _f20 _gy-genrareb |
||
| 942 |
_2ddc _cBK _n0 |
||
| 999 |
_c6211 _d6211 |
||